[Event "Cearense Classic op"]
[Site "Fortaleza"]
[Date "2017.09.07"]
[Round "1"]
[White "Montenegro Monteiro, Jose Quintino"]
[Black "Lopes de Lima, Alan Elkinson"]
[Result "1/2-1/2"]
[WhiteElo "1818"]
[BlackElo "2018"]
[PlyCount "80"]
[EventDate "2017.09.07"]
[EventType "swiss"]
[EventRounds "6"]
[EventCountry "BRA"]
[SourceTitle "EXT 2019"]
[Source "ChessBase"]
[SourceDate "2018.10.10"]
[SourceVersion "1"]
[SourceVersionDate "2018.10.10"]
[SourceQuality "1"]

1. Nf3 Nf6 2. c4 g6 3. Nc3 d5 4. e3 Bg7 5. d4 0-0 6. cxd5 Nxd5 7. Be2 c5 8. 0-0 Nc6 9. a3 cxd4 10. exd4 b6 11. Nxd5 Qxd5 12. Be3 Bb7 13. Rc1 Rfd8 14. Bc4 Qd6 15. Qe2 Nxd4 16. Nxd4 Bxd4 17. Bxd4 Qxd4 18. Qxe7 Rd7 19. Qe2 Rad8 20. h3 Qf4 21. b3 Rd2 22. Qe7 R8d7 23. Qe8+ Kg7 24. Rce1 Qg5 25. Qe5+ Qxe5 26. Rxe5 Kf6 27. Re2 Rxe2 28. Bxe2 Rd2 29. Bc4 Bd5 30. Bxd5 Rxd5 31. Rc1 Rd3 32. Rc7 Rxb3 33. Rxa7 b5 34. Ra5 h5 35. h4 Ke6 36. g3 f6 37. a4 b4 38. Rb5 Rb1+ 39. Kg2 b3 40. a5 Ra1 1/2-1/2